000 00715nam a2200229Ia 4500
003 OSt
005 20220926022048.0
006 a|||||r|||| 00| 0
007 ta
008 220923b |||||||| |||| 00| 0 eng d
037 _cGeneral Book
040 _aRTL
_cRTL
_beng
041 _2eng
_aeng
082 _aV1N45,93:3.N87r, M7-8/UN
111 _aUNITED NATIONS CONFERENCE ON TRADE AND DEVELOPMENT
_9302721
245 0 _aReport of the committee on commodities
_b12th session (2-17 Feb 1987)
260 _aNew York
_bUnited Nations
_c1988
300 _aiv; 39p.
_ccm.
490 _aSupplement No. 8
942 _hV1N45,93:3.N87r, M7-8/UN
_cGB
_2CC
999 _c638380
_d638380